The Incredible Hulk - Portrayals by Picture - Statistics

General Stats
  • This quiz has been taken 13 times
  • The average score is 6 of 34
Answer Stats
Picture Answer % Correct
Mark Ruffalo
100%
Edward Norton
75%
Eric Bana
63%
Lou Ferrigno
63%
Lou Ferrigno
38%
Mark Ruffalo
38%
Fred Tatasciore
13%
Fred Tatasciore
13%
Fred Tatasciore
13%
Fred Tatasciore
13%
Fred Tatasciore
13%
Fred Tatasciore
13%
Fred Tatasciore
13%
Fred Tatasciore
13%
Fred Tatasciore
13%
Fred Tatasciore
13%
Fred Tatasciore
13%
Fred Tatasciore
13%
Fred Tatasciore
13%
Fred Tatasciore
13%
Fred Tatasciore
13%
Fred Tatasciore / Gary Martin
13%
Kenichirō Matsuda / Fred Tatasciore
13%
Armen Taylor
0%
Bob Holt
0%
Darin De Paul
0%
John Cena
0%
Kenichirō Matsuda / Kyle Hebert
0%
Mark Gibbon
0%
Mark Gibbon
0%
Max Ferguson
0%
Peter Cullen
0%
Rick D. Wasserman
0%
Travis Willingham
0%
No matching quizzes found
Score Distribution
Percent of People with Each Score
Percentile by Number Answered
Your Score History
You have not taken this quiz